000 00429nam a2200121Ia 4500
008 191108s9999 xx 000 0 und d
020 _a0-07-147043-3
100 _aKador, John
245 _cJohn Kador.--
_aThe manager's book of questions:
_b1001 great interview questions for hiring the right person /
260 _aNew York:
_bMcGraw - Hills Companies, Inc.
_c2006
300 _a204 pages :
650 _aEmployment interviewing.
999 _c362494
_d362494